000
00471nam a2200181Ia 4500
008
100917s9999 xx 000 0 und d
082
_b
4526
100
_a
बाबर सरोजिनी
245
_a
कमळाच जाळ
260
_b
---
_c
1946
300
_a
170
365
_b
3.5
520
_a
कादंबरी
630
_a
कमळाच जाळ
650
_a
कादंबरी
730
_a
कमळाच जाळ
942
_c
BOOK
999
_c
609920
_d
609917